000 00605nam a2200181Ia 4500
003 GCL
008 140319s9999 xx 000 0 ara d
040 _aGCL /
_cGCL
082 0 4 _a410
_bع ع
100 1 _aابوعبدالرحمن ابن عقيل
245 1 0 _aالعقل اللغوى /
_cابوعبدالرحمن ابن عقيل
260 _aالرياض :
_bنادى مكة الثقافى ،
_c1994
300 _a328 ص ؛
_c24 سم
650 0 4 _aاللغة العربية
650 0 4 _aفقه اللغة العربية
650 0 4 _aاللغة العربية - الاشتقاق
942 _2ddc
_cBK
999 _c6921
_d6921